000 00401nam a22001697a 4500
999 _c5716
_d5716
003 GBCCL
005 20241126110548.0
008 180404b ||||| |||| 00| 0 eng d
040 _cgbc
082 _aVER 415.5
_bPAU
100 _aPauli
_910324
245 _aSinnawnna /
_cPauli
260 _aImphal:
_bAuthor,
_c2003
300 _a212 p.;
_bill.,
_c23 cm.
650 _aGrammar
_910325
942 _2ddc
_cBK